Hazardous waste minimization / (Record no. 542792)

000 -LEADER
fixed length control field 00482pam a2200157 a 4500
020 ## - INTERNATIONAL STANDARD BOOK NUMBER
International Standard Book Number 0070220433
082 00 - DEWEY DECIMAL CLASSIFICATION NUMBER
Classification number 363.72877
245 00 - TITLE STATEMENT
Title Hazardous waste minimization /
Statement of responsibility, etc. Harry Freeman, editor.
260 ## - PUBLICATION, DISTRIBUTION, ETC.
Place of publication, distribution, etc. New York :
Name of publisher, distributor, etc. McGraw-Hill,
Date of publication, distribution, etc. c1990.
300 ## - PHYSICAL DESCRIPTION
Extent vii, 343 p. :
Other physical details ill. ;
Dimensions 24 cm.
526 ## - STUDY PROGRAM INFORMATION NOTE
Program name 0
Interest level 0
Reading level 0
Title point value 363_728770000000000_FRE
650 #0 - SUBJECT ADDED ENTRY--TOPICAL TERM
Topical term or geographic name entry element Hazardous wastes
General subdivision Management.
9 (RLIN) 6365
650 #0 - SUBJECT ADDED ENTRY--TOPICAL TERM
Topical term or geographic name entry element Waste minimization.
9 (RLIN) 6410
700 1# - ADDED ENTRY--PERSONAL NAME
Personal name Freeman, Harry,
9 (RLIN) 38130
942 ## - ADDED ENTRY ELEMENTS (KOHA)
Source of classification or shelving scheme
Koha item type Book
Holdings
Withdrawn status Lost status Source of classification or shelving scheme Damaged status Not for loan Permanent Location Current Location Date acquired Total Checkouts Full call number Barcode Date last seen Price effective from Koha item type
          Military College of Engineering (MCE) Military College of Engineering (MCE) 02/18/2014   363.72877 FRE MCE-29292 02/18/2014 03/14/2021 Book
© 2023 Central Library, National University of Sciences and Technology. All Rights Reserved.